Library of the University of Algiers 3
Ibrahim Sultan Cheibout
شعار جامعة الجزائر 3
مكتبة جامعة الجزائر 3
إبراهيم سلطان شيبوط

الإدارة الإستراتيجية : (رقم التسجيلة. 43055)

تفاصيل مارك
000 -LEADER
fixed length control field 01290nam a2200205Ia 4500
003 - CONTROL NUMBER IDENTIFIER
control field Ost
005 - DATE AND TIME OF LATEST TRANSACTION
control field 20260507075119.0
008 - FIXED-LENGTH DATA ELEMENTS--GENERAL INFORMATION
fixed length control field 260507s9999||||xx |||||||||||||| ||und||
040 ## - CATALOGING SOURCE
Transcribing agency fsecg
041 ## - LANGUAGE CODE
Language code of text/sound track or separate title ara
082 ## - DEWEY DECIMAL CLASSIFICATION NUMBER
Classification number 330
100 ## - MAIN ENTRY--PERSONAL NAME
Personal name ادريس، ثابت عبد الرحمن
Relator term مؤلف
245 #0 - TITLE STATEMENT
Title الإدارة الإستراتيجية :
Remainder of title مفاهيم ونماذج تطبيقية /
Statement of responsibility, etc. ثابت عبد الرحمن ادريس
260 ## - PUBLICATION, DISTRIBUTION, ETC.
Place of publication, distribution, etc. الإسكندرية:
Name of publisher, distributor, etc. الدار الجامعية,
Date of publication, distribution, etc. 2003
300 ## - PHYSICAL DESCRIPTION
Extent 459 صفحة؛
Other physical details إيضاحات ؛
Dimensions 25 سم
520 ## - SUMMARY, ETC.
Summary, etc. طبيعة الإدارة الإستراتيجية (المفهوم والأهمية والمخاطر)- المديرون الإستراتيجيون متخذو القرارات - الرؤية الإستراتيجية والرسالة والاهداف- تحديد الرؤية الإستراتيجية وصياغة الرسالة- تحديد الاهداف الإستراتيجية- التحليل البيئي- صياغة الإستراتيجية- تنفيذ الإستراتيجية- تقييم ورقابة الإستراتيجية
653 ## - INDEX TERM--UNCONTROLLED
Uncontrolled term الإدارة الإدارة الإستراتيجية
700 ## - ADDED ENTRY--PERSONAL NAME
Personal name المرسي، جمال الدين محمد
Relator term مؤلف ثانوي
942 ## - ADDED ENTRY ELEMENTS (KOHA)
Koha item type كتب
المقتنيات
Withdrawn status Lost status Source of classification or shelving scheme Damaged status Not for loan Home library Current library Date acquired Serial enumeration / chronology Inventory number Total checkouts Full call number Barcode Date last seen Price effective from Koha item type
    Dewey Decimal Classification   NOT LOAN / إعارة داخلية مكتبة كلية العلوم الإقتصادية والعلوم التجارية وعلوم التسيير مكتبة كلية العلوم الإقتصادية والعلوم التجارية وعلوم التسيير 07/05/2026 الطابق الأرضي 1973/1   أ/1973ن1 1973/1 07/05/2026 07/05/2026 كتب
    Dewey Decimal Classification   Available مكتبة كلية العلوم الإقتصادية والعلوم التجارية وعلوم التسيير مكتبة كلية العلوم الإقتصادية والعلوم التجارية وعلوم التسيير 07/05/2026 الطابق الثاني 1973/2   أ/1973ن2 1973/2 07/05/2026 07/05/2026 كتب

موارد الويب المفتوحة


© University of Algiers 3 All Rights Reserved
|
Implemented by LECHELAH Riad